[Event "Montigny le Bretonneux op 21st"]
[Site "Montigny le Bretonneux"]
[Date "2021.12.29"]
[Round "5"]
[White "Marival, Fred"]
[Black "Goujon, Antoine"]
[Result "1/2-1/2"]
[WhiteElo "1425"]
[BlackElo "1775"]
[PlyCount "66"]
[EventDate "2021.12.26"]
[EventType "swiss"]
[EventRounds "9"]
[EventCountry "FRA"]
[SourceTitle "EXT 2023"]
[Source "ChessBase"]
[SourceDate "2022.10.05"]
[SourceVersion "1"]
[SourceVersionDate "2022.10.05"]
[SourceQuality "1"]

1. e4 c5 2. Nf3 g6 3. d4 cxd4 4. Nxd4 Nc6 5. Be3 Nf6 6. Nc3 Bg7 7. f3 0-0 8. Qd2 d5 9. 0-0-0 dxe4 10. Nxe4 Nxe4 11. fxe4 Bg4 12. Be2 Bxe2 13. Nxe2 Qc7 14. Bh6 Rfc8 15. Bxg7 Kxg7 16. g3 a5 17. Rhf1 e5 18. Qd7 Ne7 19. Rd2 Rab8 20. Rfd1 b5 21. Qxc7 Rxc7 22. Rd7 Rbc8 23. Rxc7 Rxc7 24. Nc3 Rb7 25. a4 bxa4 26. Nxa4 Rb4 27. Nc3 Rc4 28. Rd7 Kf6 29. h4 Ke6 30. Rd8 h5 31. Ra8 Rc5 32. Na4 Rb5 33. Nc3 Rc5 1/2-1/2

[Event "Montigny le Bretonneux op 19th"]
[Site "Montigny le Bretonneux"]
[Date "2021.10.28"]
[Round "6"]
[White "Gazay, Didier"]
[Black "Marival, Fred"]
[Result "1-0"]
[WhiteElo "1657"]
[BlackElo "1420"]
[PlyCount "83"]
[EventDate "2021.10.23"]
[EventType "swiss"]
[EventRounds "7"]
[EventCountry "FRA"]
[SourceTitle "CBM 204 Extra"]
[Source "ChessBase"]
[SourceDate "2021.11.30"]
[SourceVersion "1"]
[SourceVersionDate "2021.11.30"]
[SourceQuality "1"]

1. c4 Nf6 2. g3 g6 3. Bg2 c6 4. Nc3 Bg7 5. e4 e6 6. d4 d5 7. cxd5 exd5 8. e5 Nfd7 9. f4 0-0 10. Nf3 b5 11. 0-0 Nb6 12. b3 b4 13. Ne2 Bf5 14. Nh4 Be4 15. Bxe4 dxe4 16. Qc2 f5 17. Ng2 Nd5 18. Bd2 a5 19. a3 Qb6 20. axb4 Nxb4 21. Qc4+ Nd5 22. Ra4 Nd7 23. Ne3 Kh8 24. Nxd5 cxd5 25. Qxd5 Qa6 26. Qc4 Qb7 27. Rxa5 Rxa5 28. Bxa5 Rc8 29. Qa4 Rc2 30. Re1 Bf8 31. b4 Qc8 32. Qb3 Qc6 33. b5 Qc8 34. Bb4 e3 35. Bxf8 Rxe2 36. Rxe2 Nxf8 37. Qxe3 Nd7 38. e6 Nf6 39. Qe5 Kg7 40. e7 Kf7 41. e8Q+ Nxe8 42. Qe7+ 1-0

[Event "Montigny le Bretonneux op 19th"]
[Site "Montigny le Bretonneux"]
[Date "2021.10.26"]
[Round "4"]
[White "Fellag Ariouet, Ismael"]
[Black "Marival, Fred"]
[Result "0-1"]
[WhiteElo "1099"]
[BlackElo "1420"]
[PlyCount "45"]
[EventDate "2021.10.23"]
[EventType "swiss"]
[EventRounds "7"]
[EventCountry "FRA"]
[SourceTitle "CBM 204 Extra"]
[Source "ChessBase"]
[SourceDate "2021.11.30"]
[SourceVersion "1"]
[SourceVersionDate "2021.11.30"]
[SourceQuality "1"]

1. e4 c5 2. Bb5 a6 3. Ba4 b5 4. Bb3 c4 5. Nf3 cxb3 6. cxb3 Bb7 7. 0-0 e6 8. Nc3 Be7 9. d4 d6 10. d5 Nf6 11. dxe6 fxe6 12. Bf4 0-0 13. b4 Nxe4 14. Qd3 Nxc3 15. Qxc3 Rxf4 16. Rae1 Bd5 17. Re2 Bc4 18. g3 Bxe2 19. gxf4 Bf6 20. Qc1 Bxf1 21. Kxf1 Nc6 22. h4 Rc8 23. f5 0-1